02284 a2200169 4500020001500000020001800015082001400033100002300047245008800070250001200158260002800170300002100198500001500219520174100234856006701975856007202042 a0471384836 a978047138483004a332.671541 aClowes, Michael J.14aThe money flood :bhow pension funds revolutionized investing /cMichael J. Clowes. a1st ed. a[S.l.] :bWiley,c2000. a304 p. ;c24 cm. aHardcover. aPraise for Michael J. Clowes and the money flood "What a fine book! As an active participant in the revolution in pension investing, I could almost feel the times and tides of the past half-century shifting beneath me. Mike Clowes’s splendid and articulate tour through the era is destined to become a landmark on the bookshelves of everyone interested in this illuminating history of the past, as well as its portents of the future."–John C. Bogle, founder, The Vanguard Group "The corporate pension fund ranks high among the spectacular financial innovations of the twentieth century. Mike Clowes has built a fascinating story about the impact of this flood of money on the theory and practice of investing, the financial markets, the labor force, corporate management, and the general economy. The far-reaching consequences of these changes make this authoritative and lively book must-reading for everyone."–Peter L. Bernstein, President, Peter L. Bernstein, Inc., author, Against the Gods: The Remarkable Story of Risk "The definitive history of the rise of pension fund capitalism in America."–Keith Ambachtsheer, President, KPA Advisory, author, Pension Fund Excellence: Creating Value for Shareholders "Beautifully written, broad in coverage of all the best parts of a great American story, Mike Clowes’s new book gives us an easy-to-read and easy-to-enjoy explanation of who did what and when in the investment revolution of the past half-century."–Charles D. Ellis, Partner, Greenwich Associates, author, The Investor’s Anthology: Original Ideas from the Industry’s  3Amazon.comuhttp://www.amazon.com/exec/obidos/ASIN/0471384836/ 3Amazon customer reviewsuhttp://www.chopac.org/cgi-bin/tools/azrev.